Aktau International Airport Destinations (Aqtau, Kazakhstan) - Statistics

General Stats
  • This quiz has been taken 37 times
    18 since last reset
  • The average score is 7 of 18
Answer Stats
Airline Destination % Correct
Air Astana/FlyArystan/SCAT Airlines Astana
100%
Air Astana/FlyArystan/SCAT Airlines Almaty
85%
Azerbaijan Airlines/FlyArystan Baku
85%
FlyArystan/Turkish Airlines Istanbul
85%
Pegasus Airlines Istanbul (Sabiha Gökçen)
85%
Aeroflot Moscow (Sheremetyevo)
85%
FlyArystan Doha
46%
FlyArystan Atyrau
38%
SCAT Airlines Tbilisi
31%
FlyArystan Aqtöbe
15%
SCAT Airlines Sochi
15%
SCAT Airlines Kökşetau
8%
FlyArystan Kutaisi
8%
FlyArystan Oral
8%
FlyArystan/SCAT Airlines Şymkent
8%
SCAT Airlines Türkıstan
8%
SCAT Airlines Urgench
8%
SCAT Airlines Batumi
0%
No matching quizzes found
Score Distribution
Percent of People with Each Score
Percentile by Number Answered
Your Score History
You have not taken this quiz since the last reset